Songs to Albums: Taylor Swift - Normal - Statistics

General Stats
  • This quiz has been taken 166 times
    161 since last reset
  • The average score is 27 of 30
Answer Stats
Hint Explanation Answer % Correct
ivy Track 10 evermore
99%
Speak Now Track 4 Speak Now
99%
Wildest Dreams Track 9 1989
98%
champagne problems Track 2 evermore
98%
All Too Well (10 Minute Version) Track 30 Red
98%
willow Track 1 evermore
97%
Love Story Track 3 Fearless
97%
22 Track 6 Red
97%
End Game Track 2 reputation
97%
New Year's Day Track 15 reputation
97%
right where you left me Track 16 evermore
96%
So Long, London Track 5 TTPD
96%
New Romantics Track 16 1989
95%
Dress Track 12 reputation
95%
Down Bad Track 4 TTPD
95%
I Can Fix Him (No, Really I Can) Track 11 TTPD
93%
Gorgeous Track 8 reputation
92%
Dancing With Our Hands Tied Track 11 reputation
91%
imgonnegetyouback Track 18 TTPD
91%
Fifteen Track 2 Fearless
90%
Now That We Don't Talk Track 19 1989
89%
You Are In Love Track 15 1989
88%
Last Kiss Track 13 Speak Now
87%
Never Grow Up Track 8 Speak Now
84%
Forever & Always Track 11 Fearless
81%
The Best Day Track 12 Fearless
81%
Superman Track 16 Speak Now
81%
Jump Then Fall Track 14 Fearless
79%
Everything Has Changed Track 14 Red
76%
Forever Winter Track 27 Red
67%
No matching quizzes found
Score Distribution
Percent of People with Each Score
Percentile by Number Answered
Your Score History
You have not taken this quiz since the last reset